00574 2200229 4500001002100000005001500021035002000036007000300056008004100059020002200100082001000122084001600132100001200148245005700160250001000217260003500227300002300262650001800285700001900303990001100322990001100333INLIS00000000000425020191017110946 a0010-1019000102ta191017 g f ind  a978-602-1279-70-0 a808.3 a808.3 KAM r0 aKAMMORA1 aRushing /cKammora; penyunting naskah, Sissy Atmadja acet.1 aJakarta :bAksara Plus+,c2017 a348 hlm. ;c20 cm. 4aSASTRA. NOVEL0 aSISSY, Atmadja a6978 a a6978 b